00613nam a22001817a 450000100060000000300090000600800410001504000160005610000160007224500950008826000770018330000150026050100150027550400280029094200070031899900170032595200890034245666BD-DhUET250802b xxu||||| |||| 00| 0 eng d c0dBD-DhUET aMeher Afroj aHybrid deep learning model for brain tumor classification using magnetic resonance imaging aDhakabInstitute of Information and Communication Technology, BUETc2025 axiv, 73 p. aOne CD-ROM aIncludes bibliographies cTH c45666d45666 00102ddc4070981974aBCLbBCLcASd2026-04-21p121028r2026-04-26w2026-04-26yTH